| 000 | 02540nam a22002297a 4500 | ||
|---|---|---|---|
| 001 | 6630 | ||
| 003 | FISKH | ||
| 005 | 20250516115142.0 | ||
| 008 | 250516b cb ||||| |||| 00| 0 eng d | ||
| 040 |
_aFISKH _bkhr _cFISKH _dFISKH |
||
| 082 | _a510 | ||
| 100 | _aVanneurn, Sum | ||
| 245 |
_aលំហាត់គណិតវិទ្យាទូទៅ : _bសម្រាប់សិស្សពូកែទូទៅ និងត្រៀមប្រលងអាហារូបករណ៏ / _cនិពន្ធដោយលោកគ្រូ ស៊ុំ វ៉ាន់នឿន និង ទឺម វណ្ណា |
||
| 260 |
_aភ្នំពេញ : _c២០០៩ . |
||
| 300 |
_a151 pages : _billustrations ; _c20 cm . |
||
| 520 | _a«សៀវភៅលំហាត់គណិតវិទ្យាទូទៅ សម្រាប់សិស្សពូកែទូទៅ និងត្រៀមប្រឡងអាហារូបករណ៍» សៀវភៅនេះគឺជាសៀវភៅសំណួរលំហាត់គណិតវិទ្យាដែលត្រូវបានរៀបរាប់ឡើងដោយផ្អែកលើមាតិកាគណិតវិទ្យាមធ្យមសិក្សាទុតិយភូមិ (ថ្នាក់ទី ១២) ដោយផ្ដោតលើការបង្កើនសមត្ថភាពវិភាគ និងដោះស្រាយបញ្ហា ឱ្យសិស្សមានជំនាញខ្ពស់ក្នុងការត្រៀមប្រឡងសំខាន់ៗ ដូចជា៖ ប្រឡងជាតិថ្នាក់ទី ១២ ប្រឡងជ្រើសរើសអាហារូបករណ៍ក្នុងប្រទេស និងក្រៅប្រទេស ប្រឡងសិស្សពូកែគណិតវិទ្យា | ||
| 520 | _a"General Mathematics Exercise Book for Outstanding Students and Scholarship Exam Preparation" This book is a mathematics exercise book based on the Grade 12 high school mathematics curriculum. It focuses on enhancing analytical skills and problem-solving abilities, aiming to equip students with advanced competencies to prepare for major exams such as: The National Grade 12 Exam Scholarship selection exams, both domestic and international Mathematics Olympiad and gifted student competitions | ||
| 650 | _aគណិតវិទ្យា | ||
| 650 | _aMathematics | ||
| 942 |
_2ddc _cKHB _n0 |
||
| 999 |
_c6630 _d6630 |
||